MARC

LEADER 00000nam0a2200000 4500
001 303491
005 20231102001616.0
020 |a RU  |b 83-18039 
035 |a (RuTPU)RU\TPU\book\328714 
090 |a 303491 
100 |a 20150902d1983 km y0rusy5003 ca 
101 0 |a rus 
102 |a RU 
105 |a ac z 000zb 
200 1 |a Ландау  |f Анна Ливанова 
205 |a 2-е изд., доп. 
210 |a Москва  |c Знание  |d 1983 
215 |a 240 с.  |c граф., 8 л. ил. 
225 1 |a Библиотека "Знание" 
300 |a В прил.: Живая речь Ландау / Е. М. Лифшиц 
600 1 |a Ландау  |b Л. Д.  |c российский физик-теоретик  |c академик АН СССР  |f 1908-1968  |g Лев Давидович  |2 stltpush  |3 (RuTPU)RU\TPU\pers\216  |9 111 
606 1 |a Физики  |x Персоналии  |2 stltpush  |3 (RuTPU)RU\TPU\subj\67452  |9 83245 
610 1 |a иизическая наука 
610 1 |a физика теоретическая 
610 1 |a СССР 
610 1 |a история 
610 1 |a 20 век 
610 1 |a Герои Социалистического Труда 
675 |a 53(092)  |z rus  |v 3 
700 1 |a Ливанова  |b А. М.  |g Анна Михайловна  |4 070 
801 0 |a RU  |b RuMRKP  |c 19950704  |g psbo 
801 1 |a RU  |b 63413507  |c 20150902 
801 2 |a RU  |b 63413507  |c 20201112  |g RCR 
942 |c BK